Municipalities of South Carolina Counties- Beaufort - Statistics

General Stats
  • This quiz has been taken 26 times
  • The average score is 4 of 5
Answer Stats
Population (2020) Municipality % Correct
13,607 Beaufort
100%
37,661 Hilton Head Island
95%
27,716 Bluffton
90%
14,220 Port Royal
71%
1,080 Yemassee
29%
No matching quizzes found
Score Distribution
Percent of People with Each Score
Percentile by Number Answered
Your Score History
You have not taken this quiz